000 01261nam a2200325 i 4500
003 EG-GICUC
005 20260121101451.0
008 251210s2011 ua ||||fr|||| 00| 0 ara d
017 _a۲۰۱۱/۲۲۱٤١
020 _a978977-04-6991-5
040 _a EG-GICUC
_bara
_c EG-GICUC
_d EG-GICUC
_erda
041 0 _aara
082 0 4 _221
_a345.43
_bش ر . ح
092 0 4 _221
099 _aLaw1 07 345.43 ش ر . ح 2011
100 0 _aشريف عبد الحميد حسن رمضان
_eمؤلف.
245 1 0 _aحقوق وواجبات الموظف العام :
_b( دراسة قانونية - فقهية - قضائية ) /
_cدكتور شريف عبد الحميد حسن رمضان.
264 1 _aالقاهرة :
_bدار النهضة العربية،
_c2011.
300 _a168 ؛صفحة
_b
_c24 سم.
336 _2rda content
_atext
337 _2rda media
_aComputer
338 _2rda carrier
_aOnline Resource
504 _aيشتمل على إرجاعات ببليوجرافية.
546 _aالنص باللغة العربية
650 1 4 _aحقوق الموظف العام
650 1 4 _aالقانون الإداري
856 4 0 _uhttps://fll.law.cu.edu.eg/fulltext/bks/B07-01443.pdf
905 _a32
_eYara
942 _2ddc
_cBK
_e21
_n0
999 _c49755
_d49755